000 00418nam a2200169Ia 4500
003 GCL
008 140319s9999 xx 000 0 ara d
040 _aGCL /
_cGCL
082 0 4 _a641.5
_bن ط
100 1 _aنرجس حبيب سابا
245 1 0 _aالطهى علم وفن /
_cنرجس حبيب سابا
300 _a906 ص
490 _a
650 0 4 _aالتغذية
650 0 4 _aالطهى
942 _2ddc
_cBK
999 _c46652
_d46652